The developing child (Бичлэгийн дугаар. 146092)
| 000 -УДИРДЛАГА | |
|---|---|
| Удирдлага | 00806nam a22002897a 4500 |
| 003 - ХЯНАЛТЫН ТОО ТОДОРХОЙЛОГЧ | |
| Код | MN-UlNUM |
| 005 - БИЧИЛТ ХИЙСЭН ОГНОО | |
| Тухайн бичилтийг бичсэн засварласан сүүлийн огноо | 20260105124856.0 |
| 008 - ЕРӨНХИЙ МЭДЭЭЛЭЛ | |
| Ерөнхий мэдээлэл | 260105s1994 nyua|||| |||| 001 0 eng | |
| 020 ## - ISBN | |
| ISBN | 0026426714 |
| 040 ## - БИЧЛЭГ ҮҮСГЭГЧ БАЙГУУЛЛАГА | |
| Бичлэг үүсгэгч номын сангийн код | МУИС-ийн номын сан |
| 084 ## - ББК АНГИЛАЛ | |
| Нэмэлт тусгалт | Бусад |
| ББК ангилал | 88.8 |
| Зохиогчийн гурван тэмдэгт | B 86 |
| Мэдлэгийн ялгаа | 88 - Сэтгэл судлал |
| 100 1# - ЗОХИОГЧ | |
| Зохиогчийн нэр | Brisbane, Holly E. |
| 245 14 - ҮНДСЭН ГАРЧИГ | |
| Номын нэр | The developing child |
| Бага гарчгийн мэдээ | Understanding children and parenting |
| Оролцогчдын тухай мэдээ | Holly E. Brisbane. |
| 250 ## - ДАХИН ХЭВЛЭЛТ | |
| Дахин гаралтын дугаар | 6th ed. |
| 260 ## - ГАРАЛТЫН МЭДЭЭ | |
| Хэвлэгдсэн газар | New York : |
| Хэвлэлийн газар | Glencoe, |
| Хэвлэгдсэн он | 1994. |
| 300 ## - МАТЕРИАЛЫН ТОДОРХОЙЛОЛТ | |
| хуудасны тоо | 608 p. : |
| Бусад тоон мэдээлэл | col. ill. ; |
| Хэмжээ | 29 cm. |
| 500 ## - Тайлбар | |
| Дансны дугаар | БС 4830 |
| 546 ## - ХЭЛНИЙ ТУХАЙ МЭДЭЭ | |
| Хэл | Англи хэл дээр, |
| 653 ## - Түлхүүр үг | |
| Түлхүүр үг | child development |
| 653 ## - Түлхүүр үг | |
| Түлхүүр үг | parenting |
| 740 ## - НОМЫН ГАРЧИГ | |
| Гарчиг | Growing with Children |
| 740 ## - НОМЫН ГАРЧИГ | |
| Гарчиг | Living in Families |
| 740 ## - НОМЫН ГАРЧИГ | |
| Гарчиг | Effective Parenting Skills |
| 740 ## - НОМЫН ГАРЧИГ | |
| Гарчиг | Teen Pregnancy and Parenthood |
| 942 ## - ЭЛЕМЕНТИЙН ТӨРӨЛ | |
| Зүйлийн төрөл | Ном |
